000
00301nam a22001457a 4500
008
210429b ||||| |||| 00| 0 eng d
020
_a
0671210866
041
_a
eng
080
_a
62
082
_a
62
100
_a
26
101
_a
MEK
245
_a
The Way Things Work
_c
Simon.
942
_2
udc
_c
BK
999
_c
56968
_d
56968